Загрузка...
Kurisumalayilekku oru yaathra
| Главный автор: | |
|---|---|
| Формат: | Printed Book |
| Опубликовано: |
Thiruvananthapuram, Prabhatham
1985
|
| LEADER | 004010000a22001210004500 | ||
|---|---|---|---|
| 040 | |a MAL | ||
| 082 | |a A301 VIJ2/K M5 | ||
| 100 | |a Vijayan Karottu | ||
| 245 | |a Kurisumalayilekku oru yaathra | ||
| 260 | |a Thiruvananthapuram, Prabhatham | ||
| 260 | |c 1985 | ||
| 999 | |c 23452 |d 23452 | ||
| 952 | |0 0 |1 0 |4 0 |6 A_000000000000000_301_VIJ2K_M5 |7 0 |8 MAL |9 23274 |a MGUL |b MGUL |d 2013-07-16 |l 0 |o A301 VIJ2/K M5 |p 14680 |r 2013-07-16 |w 2013-07-16 |y BK | ||